| 000 | 00446nam a22001457a 4500 | ||
|---|---|---|---|
| 020 | _a9781138628106 | ||
| 040 | _cNUST | ||
| 082 | _a808.0665 LAP | ||
| 100 |
_aLaplante, Phillip A. _955695 |
||
| 245 |
_aTechnical Writing : _bA Practical Guide for Engineers, Scientists and Nontechnical Professionals |
||
| 250 | _a2nd Edition | ||
| 260 |
_aROCA RATON: _bCRC PRESS, _c2019. |
||
| 650 |
_aTechnical Writing.NUSTTB2022 _9102814 |
||
| 942 |
_2ddc _cBK |
||
| 999 |
_c591406 _d591406 |
||